Loading...
| Literature - British Literature | 0 | 2 | 0 | 1 | 20 | 52 | 72.50 | 1 | 2 |
| Literature - European Literature | 0 | 2 | 0 | 0 | 20 | 68 | 69.00 | 1 | 2 |
| Mythology | 0 | 2 | 0 | 0 | 20 | 34 | 59.00 | 0 | 1 |
| Social Science | 0 | 1 | 0 | 0 | 10 | 47 | 47.00 | 1 | 1 |
| Fine Arts - Visual Fine Arts | 0 | 1 | 0 | 0 | 10 | 76 | 76.00 | 0 | 1 |
| Literature - World/Other Literature | 0 | 1 | 0 | 0 | 10 | 66 | 66.00 | 1 | 1 |
| Science - Chemistry | 0 | 1 | 0 | 1 | 10 | 125 | 125.00 | 0 | 0 |
| Science - Other Science | 0 | 1 | 0 | 0 | 10 | 97 | 97.00 | 0 | 0 |
| Religion | 0 | 1 | 0 | 0 | 10 | 66 | 66.00 | 1 | 1 |
| Science - Biology | 0 | 1 | 0 | 0 | 10 | 107 | 107.00 | 0 | 1 |
| Fine Arts - Classical Music | 0 | 1 | 1 | 0 | 5 | 100 | 100.00 | 0 | 0 |
| Literature - American Literature | 0 | 0 | 1 | 0 | -5 | 0.00 | 0 | 0 |